Normal view MARC view
  • Ones and Zeros

Entry Topical Term

Number of records used in: 1

001 - CONTROL NUMBER

  • control field: 127378

003 - CONTROL NUMBER IDENTIFIER

  • control field: NUST

005 - DATE AND TIME OF LATEST TRANSACTION

  • control field: 20250107112619.0

008 - FIXED-LENGTH DATA ELEMENTS

  • fixed length control field: 250107|| aca||aabn | a|a d

040 ## - CATALOGING SOURCE

  • Original cataloging agency: NUST
  • Transcribing agency: NUST

150 ## - HEADING--TOPICAL TERM

  • Topical term or geographic name entry element: Ones and Zeros

670 ## - SOURCE DATA FOUND

  • Source citation: Work cat.: (NUST): John Gregg 127377, Ones and Zeros, 2000.
© 2023 Central Library, National University of Sciences and Technology. All Rights Reserved.